000 00475 a2200145 4500
005 20250507124534.0
020 _a978-1-78347-427-1
082 _a658.3 INT
245 _aInternational handbook on Diversity Management at Work : Country Perspectives on Diversity and Equal Treatment
250 _a2nd Ed.
260 _aCanada,
_bEdward Elgar publishing Inc,
_c2014.
300 _axiv, 290p.:Ill.; figures & table
_bIndex
_c24cm.
700 _aKLARSFELD, A.
942 _2ddc
_cBKS
999 _c2109
_d2109